000
00267nam a2200109Ia 4500
008
190913s9999||||xx |||||||||||||| ||und||
100
_a
Leidner, Baker
245
0
_a
Strategic Information Management
260
_a
UK
_b
Prentice Hall
_c
2000
300
_a
544
942
_c
BK
999
_c
8277
_d
8277